| 000 | 00342nam a2200145Ia 4500 | ||
|---|---|---|---|
| 008 | 210210b1941 xxu||||| |||| 00| 0 eng d | ||
| 041 | _aeng | ||
| 082 | _a874/12 | ||
| 100 | _aSANKARANEHUTHACHAN (K) | ||
| 245 | _aSahithyaswadanam | ||
| 260 |
_a _b- _c1941 |
||
| 650 | _aSahithyaswadanam | ||
| 690 | _aMalayalam Criticism | ||
| 906 | _a002604 | ||
| 999 |
_c124574 _d124574 |
||